| 000 | 02229nam a22002537a 4500 | ||
|---|---|---|---|
| 999 |
_c59913 _d59913 |
||
| 003 | Ge_BSU | ||
| 005 | 20230510115817.0 | ||
| 008 | 230510s2002 ge ||||| |||| 00| 0 geo d | ||
| 020 | _a9992897589 | ||
| 041 | _ageo | ||
| 080 | _a903.35(479.22)+725.1 ს-26 | ||
| 100 |
_aსანიკიძე, თამაზ _918066 |
||
| 245 |
_aუფლისციხე : _bნარკვევი ქართული ხუროთმოძღვრების ისტორიიდან / _cთამაზ სანიკიძე ; რედაქტორი პ. ზაქარაია ; მხატვარი გ. წერეთელი ; საქართველოს მეცნიერებათა აკადემია, გიორგი ჩუბინაშვილის სახ. ქართული ხელოვნების ისტორიის ინსტიტუტი, საქართველოს ხელოვნების სახელმწიფო მუზეუმი. |
||
| 264 |
_aთბილისი : _b უნივერსალი, _c2002. |
||
| 300 |
_a252 გვ. : _b80 ტაბ. ; _c25 სმ. |
||
| 500 | _aეძღვნება აკადემიკოს ვახტანგ ბერიძის ხსოვნას | ||
| 504 | _aბიბლიოგრაფია ტექსტის შენიშვნებში. | ||
| 520 | _aრეზიუმე რუსულ და ინგლისურ ენებზე | ||
| 653 | _aციხე-სიმაგრეები საქართველოში | ||
| 700 |
_aზაქარაია, პ. _eრედაქტორი _9305 |
||
| 700 |
_aწერეთელი, გ. _eმხატვარი _918067 |
||
| 710 |
_aსაქართველოს მეცნიერებათა აკადემია. _bგიორგი ჩუბინაშვილის სახ. ქართული ხელოვნების ისტორიის ინსტიტუტი. საქართველოს ხელოვნების სახელმწიფო მუზეუმი. _918068 |
||
| 942 |
_2udc _cBK |
||